ARRUPE JESUIT UNIVERSITY

CORONAVIRUS -STOP THE SPREAD - CLEAN,DISINFECT,COVER

I Believe (Record no. 124334)

MARC details
000 -LEADER
fixed length control field 00480nam a22001457a 4500
008 - FIXED-LENGTH DATA ELEMENTS--GENERAL INFORMATION
fixed length control field 160308b xxu||||| |||| 00| 0 eng d
050 ## - LIBRARY OF CONGRESS CALL NUMBER
Classification number BX1961.C749
100 ## - MAIN ENTRY--PERSONAL NAME
Personal name Congregation for the Clergy
9 (RLIN) 8631
245 ## - TITLE STATEMENT
Title I Believe
Remainder of title A little Catholic Catechism
Statement of responsibility, etc Congregation for the Clergy
250 ## - EDITION STATEMENT
Edition statement Rev. ed.
260 ## - PUBLICATION, DISTRIBUTION, ETC. (IMPRINT)
Place of publication, distribution, etc Konigstein in Taunus
Name of publisher, distributor, etc Aid to the Church in Need
Date of publication, distribution, etc 2006
300 ## - PHYSICAL DESCRIPTION
Extent 206p. ;
Dimensions 21cm.
650 ## - SUBJECT ADDED ENTRY--TOPICAL TERM
Topical term or geographic name as entry element catholic Church
General subdivision Catechisms
9 (RLIN) 16773
942 ## - ADDED ENTRY ELEMENTS (KOHA)
Source of classification or shelving scheme Library of Congress Classification
Item type Monograph ( Printed materials)
Holdings
Withdrawn status Lost status Source of classification or shelving scheme Damaged status Not for loan Collection code Home library Current library Shelving location Date acquired Total Checkouts Full call number Barcode Date last seen Price effective from Koha item type
    Library of Congress Classification     Main Collection ARRUPE LIBRARY ARRUPE LIBRARY Main Collection 08/03/2016   BX1961.C749 46500009383 22/11/2017 08/03/2016 Monograph ( Printed materials)

 

Arrupe Library. PO Box MP320 Mt Pleasant, Harare, Zimbabwe
263 242 745411|librarian@aju.ac.zw